000 00571nam a2200181Ia 4500
008 151018s9999 xx 000 0 und d
082 _bRBASDV2626
_a891.461
100 _aरवींद्रनाथ टागोर
245 _aगीतांजली
250 _b1
260 _bगुप्ते के एस
300 _a172
600 _aरवींद्रनाथ टागोर
630 _aगीतांजली
700 _aरवींद्रनाथ टागोर
730 _aगीतांजली
942 _cBOOK
999 _c1005043
_d1005040